| 000 | 00000nas 2200000za 4500 |
| 001 | 9.501113 |
| 003 | CaOODSP |
| 005 | 20230327100838 |
| 007 | cr ||||||||||| |
| 008 | 150406d20032003xxc|| p o||||f| |0fre|d |
| 040 | |aCaOODSP|bfre |
| 043 | |an-cn--- |
| 086 | 1 |aJS61-4F-PDF |
| 110 | 1 |aCanada. |bSolliciteur général Canada, |eauteur, |eorganisme de publication. |
| 245 | 10|aService des laboratoires judiciaires - rapport annuel des réalisations |h[ressource électronique] |
| 260 | |aOttawa - Ontario : |bSolliciteur général Canada |
| 310 | |aAnnuel |
| 362 | 1 |a2002-2003 |
| 691 | 07|aMédecine légale|2gcpds |
| 691 | 07|aRapport annuel|2gcpds |
| 775 | 08|tForensic Laboratory Services annual achievement report |w(CaOODSP)9.504701 |